[Event "CZE-ch U16"]
[Site "Kouty nad Desnou"]
[Date "2024.03.14"]
[Round "7"]
[White "Vysinsky, Otakar"]
[Black "Setina, Vaclav"]
[Result "1/2-1/2"]
[WhiteElo "1882"]
[BlackElo "2024"]
[PlyCount "178"]
[EventDate "2024.03.09"]
[EventType "swiss"]
[EventRounds "9"]
[EventCountry "CZE"]
[SourceTitle "CB12_2024"]
[SourceDate "2023.10.01"]
[SourceVersion "1"]
[SourceVersionDate "2023.10.01"]
[SourceQuality "1"]

1. e4 c6 2. c4 d5 3. exd5 cxd5 4. cxd5 Nf6 5. Nc3 Nxd5 6. Nf3 Nc6 7. Bc4 Nb6 8. Bb3 Bf5 9. d4 e6 10. 0-0 Be7 11. Be3 0-0 12. Qe2 Na5 13. Rfd1 Nxb3 14. axb3 Nd5 15. Ne5 a6 16. Rac1 Rc8 17. Qf3 f6 18. Nc4 Rc6 19. Nd2 Bb4 20. Nxd5 Qxd5 21. Qxd5 exd5 22. Rxc6 bxc6 23. Rc1 Rc8 24. Nb1 Bxb1 25. Rxb1 Kf7 26. Rc1 Ke6 27. Kf1 Kd7 28. Ke2 Rb8 29. Kd3 Bd6 30. Kc3 Kc7 31. Ra1 Kb6 32. h3 Re8 33. Re1 Kb5 34. Kd3 Bb4 35. Rc1 h5 36. Ra1 g5 37. g3 Bd6 38. Rc1 Re7 39. Ra1 Bc7 40. Bd2 Bb6 41. Bc3 Bc7 42. Bd2 Bd6 43. Ra5+ Kb6 44. Ra1 Re6 45. Be3 Be7 46. Rc1 Bb4 47. Ra1 Be7 48. Rc1 Kb5 49. Ra1 Bb4 50. Rc1 Re8 51. Ra1 Re7 52. Rc1 Rh7 53. Ra1 g4 54. Rh1 f5 55. Kc2 Be7 56. Kd3 Bf6 57. Kc2 Rh8 58. Kd3 gxh3 59. Rxh3 Kb4 60. Kc2 h4 61. gxh4 Rxh4 62. Rf3 Bxd4 63. Bxd4 Rxd4 64. Rxf5 Re4 65. Rf6 c5 66. Rxa6 Re2+ 67. Kd3 Rxf2 68. Rb6+ Ka5 69. Rb8 Rxb2 70. Kc3 Rh2 71. Kd3 Rh3+ 72. Kc2 d4 73. Kd2 Rh6 74. Kc2 Rb6 75. Ra8+ Kb4 76. Rc8 Rb5 77. Rd8 Rb7 78. Rc8 Kb5 79. Kd3 Rh7 80. Rb8+ Kc6 81. Kc4 Rh3 82. Rc8+ Kd6 83. Rd8+ Kc7 84. Rd5 Kb6 85. Rd6+ Kc7 86. Rd5 Rc3+ 87. Kb5 d3 88. b4 c4 89. Kc5 Rc2 1/2-1/2

[Event "CZE-ch U16"]
[Site "Kouty nad Desnou"]
[Date "2024.03.12"]
[Round "5"]
[White "Mikolas, Petr"]
[Black "Vysinsky, Otakar"]
[Result "0-1"]
[WhiteElo "1957"]
[BlackElo "1882"]
[PlyCount "132"]
[EventDate "2024.03.09"]
[EventType "swiss"]
[EventRounds "9"]
[EventCountry "CZE"]
[SourceTitle "CB12_2024"]
[SourceDate "2023.10.01"]
[SourceVersion "1"]
[SourceVersionDate "2023.10.01"]
[SourceQuality "1"]

1. e4 c5 2. Nf3 Nc6 3. d4 cxd4 4. Nxd4 e5 5. Nb5 d6 6. N1c3 a6 7. Na3 b5 8. Nd5 Nce7 9. c4 Nxd5 10. Qxd5 Be6 11. Qc6+ Bd7 12. Qb7 bxc4 13. Bxc4 Nf6 14. 0-0 Be7 15. Be3 0-0 16. f3 Qa5 17. Bd5 Rab8 18. Qa7 Qb4 19. Rab1 a5 20. Rfd1 Rfc8 21. Bd2 Qc5+ 22. Qxc5 Rxc5 23. Be3 Rc7 24. g4 Kf8 25. Kf2 Nxd5 26. exd5 f5 27. h3 f4 28. Bd2 Rc5 29. Bc3 Bd8 30. Ke2 Ke8 31. Rbc1 Ba4 32. b3 Bb5+ 33. Kf2 Ba6 34. Bb2 Rbc8 35. Rxc5 Rxc5 36. Rd2 Kd7 37. Nb1 Bb6 38. Kg2 Rc8 39. Nc3 Be3 40. Rd1 Bd4 41. Rc1 Bb7 42. h4 Rc5 43. Kf1 Bxd5 44. Nxd5 Rxd5 45. Bxd4 Rxd4 46. Ke2 a4 47. Rc3 Rb4 48. Rd3 Ke6 49. Rc3 axb3 50. axb3 Rb7 51. Kd2 Kd7 52. Rd3 Rb5 53. Kc3 Kc6 54. b4 Rd5 55. b5+ Rxb5 56. Kc4 d5+ 57. Kc3 Kc5 58. Rd2 Ra5 59. Kb3 Rb5+ 60. Kc3 e4 61. fxe4 dxe4 62. Rd7 f3 63. Kd2 Rb2+ 64. Ke1 e3 65. Rc7+ Kd6 66. Rc1 Rh2 0-1

[Event "CZE-ch U16"]
[Site "Kouty nad Desnou"]
[Date "2024.03.11"]
[Round "3"]
[White "Juracak, David"]
[Black "Vysinsky, Otakar"]
[Result "1-0"]
[WhiteElo "1944"]
[BlackElo "1882"]
[PlyCount "65"]
[EventDate "2024.03.09"]
[EventType "swiss"]
[EventRounds "9"]
[EventCountry "CZE"]
[SourceTitle "CB12_2024"]
[SourceDate "2023.10.01"]
[SourceVersion "1"]
[SourceVersionDate "2023.10.01"]
[SourceQuality "1"]

1. e4 e5 2. Nf3 Nc6 3. Bc4 Nf6 4. d3 Be7 5. c3 0-0 6. 0-0 d5 7. exd5 Nxd5 8. h3 Bf5 9. Re1 Bf6 10. Be3 Nxe3 11. fxe3 e4 12. Nd4 Nxd4 13. cxd4 exd3 14. Nc3 c5 15. Nd5 cxd4 16. e4 Be6 17. Qxd3 Be5 18. Rf1 Qg5 19. Rf3 Rac8 20. Raf1 Bxd5 21. Bxd5 Rc7 22. Qb3 Bf6 23. Qd3 b6 24. h4 Qh6 25. Rxf6 gxf6 26. Qg3+ Kh8 27. Qxc7 Qe3+ 28. Kh1 Qe2 29. Qf4 Rg8 30. Qxf6+ Rg7 31. e5 d3 32. e6 fxe6 33. Rc1 1-0

[Event "CZE-ch U16"]
[Site "Kouty nad Desnou"]
[Date "2024.03.11"]
[Round "4"]
[White "Vysinsky, Otakar"]
[Black "Pressler, Tobias"]
[Result "1-0"]
[WhiteElo "1882"]
[BlackElo "1954"]
[PlyCount "69"]
[EventDate "2024.03.09"]
[EventType "swiss"]
[EventRounds "9"]
[EventCountry "CZE"]
[SourceTitle "CB12_2024"]
[SourceDate "2023.10.01"]
[SourceVersion "1"]
[SourceVersionDate "2023.10.01"]
[SourceQuality "1"]

1. e4 e6 2. d4 d5 3. exd5 exd5 4. Nf3 Bd6 5. Bd3 Bg4 6. 0-0 Nc6 7. c3 Qd7 8. Be3 Nge7 9. Re1 0-0-0 10. b4 h5 11. Nbd2 h4 12. Qa4 a6 13. Qc2 Bf5 14. a4 f6 15. b5 axb5 16. axb5 Nb8 17. Ra8 Bxd3 18. Qxd3 g5 19. Rea1 g4 20. Ne1 Rdg8 21. Qb1 c6 22. bxc6 Qxc6 23. c4 Qc7 24. cxd5 Bxh2+ 25. Kh1 Rh5 26. R1a5 Bd6 27. Ne4 Rxd5 28. Rxd5 Nxd5 29. Nxd6+ Qxd6 30. Qf5+ Kd8 31. Rxb8+ Qxb8 32. Qxd5+ Ke7 33. Bd2 Kf8 34. Qd7 Rg6 35. Qh7 1-0

[Event "CZE-ch U14"]
[Site "Luhacovice"]
[Date "2022.03.15"]
[Round "5"]
[White "Siles, Jan"]
[Black "Vysinsky, Otakar"]
[Result "1-0"]
[WhiteElo "1548"]
[BlackElo "1534"]
[PlyCount "97"]
[EventDate "2022.03.12"]
[EventType "swiss"]
[EventRounds "9"]
[EventCountry "CZE"]
[SourceTitle "EXT 2023"]
[Source "ChessBase"]
[SourceDate "2022.10.05"]
[SourceVersion "1"]
[SourceVersionDate "2022.10.05"]
[SourceQuality "1"]

1. e4 e5 2. Nf3 Nf6 3. Nc3 Nc6 4. Bb5 Bb4 5. 0-0 0-0 6. a3 Ba5 7. b4 Bb6 8. Bb2 d6 9. h3 Nd4 10. Nxd4 Bxd4 11. Qe2 Be6 12. Nd1 Bxb2 13. Nxb2 c6 14. Bc4 d5 15. exd5 cxd5 16. Bb3 Re8 17. Rfe1 Qc7 18. Qxe5 Qd7 19. Qg3 Ne4 20. Qd3 b5 21. Nd1 Bf5 22. Ne3 Bxh3 23. Qxd5 Be6 24. Qxd7 Bxd7 25. d3 Nc3 26. Nd5 Ne2+ 27. Kf1 Nd4 28. Rxe8+ Rxe8 29. Re1 Kf8 30. Rxe8+ Kxe8 31. Ke1 Bc6 32. Ne3 f5 33. f4 h6 34. Ba2 Ke7 35. c3 Ne6 36. Nxf5+ Kf6 37. Bxe6 Kxe6 38. Nd4+ Kd6 39. Nxc6 Kxc6 40. Ke2 Kd5 41. Kf3 h5 42. g3 g6 43. Ke3 a6 44. Kf3 Ke6 45. Ke4 Kf6 46. c4 bxc4 47. dxc4 g5 48. fxg5+ Kxg5 49. Kf3 1-0

[Event "CZE-ch U14"]
[Site "Luhacovice"]
[Date "2022.03.14"]
[Round "3"]
[White "Vysinsky, Otakar"]
[Black "Juhanak, Daniel"]
[Result "1/2-1/2"]
[WhiteElo "1534"]
[BlackElo "1688"]
[PlyCount "106"]
[EventDate "2022.03.12"]
[EventType "swiss"]
[EventRounds "9"]
[EventCountry "CZE"]
[SourceTitle "EXT 2023"]
[Source "ChessBase"]
[SourceDate "2022.10.05"]
[SourceVersion "1"]
[SourceVersionDate "2022.10.05"]
[SourceQuality "1"]

1. e4 c5 2. Nc3 d6 3. g3 Nc6 4. Bg2 g6 5. d3 Bg7 6. Be3 Rb8 7. Qd2 b5 8. f4 b4 9. Nd1 e6 10. Ne2 Nd4 11. c3 Nxe2 12. Qxe2 bxc3 13. bxc3 Qa5 14. Rc1 Ne7 15. 0-0 0-0 16. Qc2 Ba6 17. Bd2 Rfd8 18. Re1 e5 19. c4 Qa3 20. Bc3 Nc6 21. f5 Nd4 22. Bxd4 cxd4 23. Rb1 Rb4 24. Rxb4 Qxb4 25. Re2 Rb8 26. Qb2 Bc8 27. g4 a5 28. Qxb4 Rxb4 29. Rb2 Bh6 30. Kf1 Bd7 31. Ke1 Bc1 32. Rxb4 axb4 33. Nf2 Ba4 34. Bf3 Bc2 35. Bd1 Bb1 36. Bb3 Be3 37. fxg6 hxg6 38. c5 dxc5 39. Bc4 Bc2 40. Nd1 Bxd1 41. Kxd1 Kg7 42. Ke2 f6 43. Kf3 Bd2 44. h3 Kh6 45. Bb3 Kg5 46. Bc4 f5 47. gxf5 gxf5 48. Be6 fxe4+ 49. Kxe4 Kf6 50. Bc4 Bc3 51. h4 Be1 52. h5 Bd2 53. Bb3 Bc3 1/2-1/2

[Event "CZE-ch U14"]
[Site "Herlikovice"]
[Date "2021.10.27"]
[Round "5"]
[White "Dusanek, Michal"]
[Black "Vysinsky, Otakar"]
[Result "1-0"]
[WhiteElo "1607"]
[BlackElo "1422"]
[PlyCount "97"]
[EventDate "2021.10.23"]
[EventType "swiss"]
[EventRounds "9"]
[EventCountry "CZE"]
[SourceTitle "EXT 2023"]
[Source "ChessBase"]
[SourceDate "2022.10.05"]
[SourceVersion "1"]
[SourceVersionDate "2022.10.05"]
[SourceQuality "1"]

1. d4 d5 2. Bf4 Bf5 3. Nd2 e6 4. e3 c5 5. c3 Bd6 6. Bb5+ Nc6 7. Bxc6+ bxc6 8. Qa4 Ne7 9. Bxd6 Qxd6 10. Nb3 Bc2 11. Rc1 Bxb3 12. axb3 0-0 13. Nf3 Rfb8 14. 0-0 Rb7 15. Qa3 Rb5 16. c4 dxc4 17. bxc4 Rb4 18. Rfd1 Qb8 19. Rc2 cxd4 20. Rxd4 c5 21. Rd1 Nc6 22. Qa6 Rb6 23. Qa3 Rb4 24. Rcd2 Qb6 25. Rd6 Rd8 26. h3 Rxd6 27. Rxd6 Qc7 28. Qd3 h6 29. Ne5 Nxe5 30. Rd8+ Qxd8 31. Qxd8+ Kh7 32. Qd6 Nxc4 33. Qxc5 a5 34. b3 Nb6 35. Qc2+ g6 36. Kh2 Nd5 37. Kg3 a4 38. bxa4 h5 39. a5 Rb5 40. Qa4 Nc3 41. Qc4 Rc5 42. Qb4 Rg5+ 43. Kh4 Nd5 44. Qe4 Nf6 45. Qd4 Rf5 46. a6 Rxf2 47. a7 g5+ 48. Kxg5 Rxg2+ 49. Kxf6 1-0

[Event "CZE-ch U14"]
[Site "Herlikovice"]
[Date "2021.10.26"]
[Round "4"]
[White "Vysinsky, Otakar"]
[Black "Ocelak, David"]
[Result "1-0"]
[WhiteElo "1422"]
[BlackElo "1668"]
[PlyCount "47"]
[EventDate "2021.10.23"]
[EventType "swiss"]
[EventRounds "9"]
[EventCountry "CZE"]
[SourceTitle "EXT 2023"]
[Source "ChessBase"]
[SourceDate "2022.10.05"]
[SourceVersion "1"]
[SourceVersionDate "2022.10.05"]
[SourceQuality "1"]

1. d4 f5 2. Bf4 Nf6 3. Nc3 g6 4. Qd2 Bg7 5. Nf3 0-0 6. e3 d6 7. Bc4+ Kh8 8. h4 Nh5 9. Ng5 Nxf4 10. exf4 e5 11. h5 exd4 12. hxg6 h6 13. Ne2 d5 14. Bd3 Qe7 15. Nf7+ Kg8 16. Nxh6+ Bxh6 17. Rxh6 Qg7 18. Rh5 Nc6 19. 0-0-0 Bd7 20. Rdh1 Be8 21. Bxf5 Rf6 22. Rh7 Rxf5 23. Rxg7+ Kxg7 24. Nxd4 1-0

[Event "CZE-ch U14"]
[Site "Herlikovice"]
[Date "2021.10.23"]
[Round "1"]
[White "Novak, Lukas1111"]
[Black "Vysinsky, Otakar"]
[Result "0-1"]
[WhiteElo "1084"]
[BlackElo "1422"]
[PlyCount "68"]
[EventDate "2021.10.23"]
[EventType "swiss"]
[EventRounds "9"]
[EventCountry "CZE"]
[SourceTitle "EXT 2023"]
[Source "ChessBase"]
[SourceDate "2022.10.05"]
[SourceVersion "1"]
[SourceVersionDate "2022.10.05"]
[SourceQuality "1"]

1. e4 e5 2. Nf3 Nf6 3. Nxe5 d6 4. Nf3 Nxe4 5. Nc3 Nxc3 6. dxc3 Bf5 7. Bc4 c6 8. 0-0 d5 9. Bd3 Bxd3 10. cxd3 Be7 11. Bf4 0-0 12. Re1 Bd6 13. Bxd6 Qxd6 14. d4 Nd7 15. Qd3 Rae8 16. Ng5 Nf6 17. Re3 Rxe3 18. fxe3 h6 19. Nf3 Re8 20. Re1 Ne4 21. Ne5 c5 22. Qb5 Re7 23. Nd3 a6 24. Qa5 c4 25. Nf4 Nf6 26. b3 g5 27. Nh3 Ng4 28. g3 Rxe3 29. Rxe3 Nxe3 30. Qa4 b5 31. Qa5 Qf6 32. Nf2 Qf3 33. Qd8+ Kg7 34. Qxd5 Qxd5 0-1